00508nam a22001577a 450000500170000001000150001702000260003203500140005803700130007208200120008510000260009724500830012326000440020627000740025030000260032420170405111830.0 aENG-117434 a9788183875011c450.00 aEN-100966 bDBAD/PUB a324.254 aReddy G. Ramachandhra aAnna Hazare's :cG.Ramachandhra raddybCall for secomnd independence struggle/ aNew Delhi bSerials publications c2011 a4830/24, Prahlad street, ansari road darya ganj, bNew Delhi e110002 axxiii,153pc22cm(pbk)